[Event "GCT Saint Louis Blitz 2019"]
[Site "Saint Louis"]
[Date "2019.08.13"]
[Round "4"]
[White "Mamedyarov, Shakhriyar"]
[Black "Vachier-Lagrave, Maxime"]
[Result "0-1"]
[WhiteElo "2764"]
[BlackElo "2778"]
[Annotator "TA"]
[PlyCount "66"]
[EventDate "2019.08.13"]
[EventType "tourn"]
[EventCountry "USA"]
[SourceTitle "playchess.com"]
[Source "ChessBase"]
[SourceQuality "1"]

{[%evp 9,90,-14,0,-14,-10,-16,-14,-41,-40,-42,-41,-65,-60,-54,-56,-56,-56,-68,-52,-102,-54,-83,-47,-33,-9,-90,-93,-91,-91,-94,-76,-104,-108,-129,-135,-203,-185,-214,-205,-203,-214,-212,-188,-204,-192,-224,-200,-346,-240,-332,-325,-289,-220,-216,-187,-216,-216,-322,-301,-295,-277,-277,-258,-355,-348,-448,-301,-287,-197,-324,-322,-652,-319,-304,-265,-267,-271,-264,-258,-268,-268,-378,-269]} 1. d4 Nf6 2. Bg5 d5 3. Bxf6 exf6 4. e3 Nd7 {[%cal Bb8d7,Bd7f6,Bf6e4][%mdl 32]} (4... Be6 5. Nd2 c6 6. Ngf3 b5 7. a4 b4 8. a5 Bd6 9. c4 bxc3 10. bxc3 O-O 11. Be2 f5 12. O-O Nd7 13. Qa4 c5 {0-1 (41) Duda,J (2738)-Rapport,R (2731) Wijk aan Zee 2019}) 5. Bd3 c6 6. Nd2 {D00: 1 d4 d5: Unusual lines} Bd6 7. c3 g6 8. Qf3 $146 {The position is equal.} ({Predecessor:} 8. Ne2 Qe7 9. O-O f5 10. c4 Nf6 11. Nf3 O-O 12. cxd5 cxd5 13. Qb3 Be6 14. Rac1 Kg7 15. Rc2 g5 16. Ng3 Kg6 17. Rfc1 h5 18. Ne5+ {1-0 (18) Vinal Gutierrez,P (2165)-Valdecantos Jimenez,C Alfaro 2007}) 8... f5 9. Ne2 Nf6 10. h3 h5 11. c4 Ne4 {And now ...Ng5 would win.} 12. Nc3 Be6 13. cxd5 cxd5 14. Qd1 O-O 15. Rc1 Qg5 16. O-O $1 Nxd2 17. Qxd2 (17. f4 $1 $11 Qd8 18. Qxd2) 17... f4 $40 {[%mdl 128] Strongly threatening ...f3. Black wants a kill.} 18. e4 Bxh3 {[%csl Gh3][%cal Rg5g2]} 19. f3 Be6 20. Rfe1 Rad8 21. exd5 Bxd5 22. Nxd5 (22. Qf2 $17) 22... Qxd5 $19 {[%mdl 64] Double Attack} 23. Bc4 Qg5 24. Re4 h4 25. Kh1 Qg3 26. Qe1 Kg7 27. Kg1 Rh8 28. Rc2 (28. Bf1 $142) 28... h3 29. Bf1 {If White can now play Qxg3 this consolidates a bit.} hxg2 30. Bxg2 Qh2+ 31. Kf1 Rh5 32. Qf2 Rg5 33. Ke1 {[#]} (33. a3 {was worth a try.}) 33... Bb4+ {Played: Rd8-c8} 0-1

[Event "GCT Saint Louis Blitz 2019"]
[Site "Saint Louis"]
[Date "2019.08.13"]
[Round "4"]
[White "Yu, Yangyi"]
[Black "Dominguez Perez, Leinier"]
[Result "1-0"]
[WhiteElo "2752"]
[BlackElo "2763"]
[Annotator "ChessBase"]
[PlyCount "103"]
[EventDate "2019.08.13"]
[EventType "tourn"]
[EventCountry "USA"]
[SourceTitle "playchess.com"]
[Source "ChessBase"]
[SourceQuality "1"]
[TimeMode "Bronstein"]
[TimeControl "300+3"]

1. e4 {[%emt 0:00:00]} e5 {[%emt 0:00:00]} 2. Nf3 {[%emt 0:00:00]} Nc6 {[%emt 0:00:00]} 3. Nc3 {[%emt 0:00:00]} Nf6 {[%emt 0:00:00]} 4. Bb5 {[%emt 0:00:00]} Nd4 {[%emt 0:00:00]} 5. Bc4 {[%emt 0:00:00]} Bc5 {[%emt 0:00:00]} 6. Nxe5 {[%emt 0:00:00]} Qe7 {[%emt 0:00:00]} 7. Nf3 {[%emt 0:00:00]} d5 {[%emt 0:00:00]} 8. Nxd5 {[%emt 0:00:00]} Qxe4+ {[%emt 0:00:48]} 9. Ne3 {[%emt 0:00:00]} Bg4 {[%emt 0:01:09]} 10. Be2 {[%emt 0:00:00]} Nxe2 {[%emt 0:00:38]} 11. Qxe2 {[%emt 0:00:00]} O-O {[%emt 0:00:16]} 12. d3 {[%emt 0:00:00]} Qa4 {[%emt 0:00:26]} 13. Nxg4 {[%emt 0:00:03]} Nxg4 {[%emt 0:00:03]} 14. O-O {[%emt 0:00:03]} Rfe8 {[%emt 0:00:03]} 15. Qd1 {[%emt 0:00:05]} h6 {[%emt 0:00:27]} 16. h3 {[%emt 0:00:12]} Ne5 {[%emt 0:00:03]} 17. Nxe5 {[%emt 0:00:03]} Rxe5 {[%emt 0:00:03]} 18. c3 {[%emt 0:00:04]} Qxd1 {[%emt 0:00:35]} 19. Rxd1 {[%emt 0:00:03]} Re2 {[%emt 0:00:03]} 20. d4 {[%emt 0:00:03]} Bd6 {[%emt 0:00:03]} 21. Bd2 {[%emt 0:00:21]} Rae8 {[%emt 0:00:03]} 22. Re1 {[%emt 0:00:07]} R8e6 {[%emt 0:00:05]} 23. Rxe2 {[%emt 0:00:04]} Rxe2 {[%emt 0:00:03]} 24. Rd1 {[%emt 0:00:03]} b5 {[%emt 0:00:04]} 25. Kf1 {[%emt 0:00:03]} Re6 {[%emt 0:00:03]} 26. Re1 {[%emt 0:00:07]} Rxe1+ 27. Kxe1 {[%emt 0:00:03]} f5 {[%emt 0:00:13]} 28. Ke2 {[%emt 0:00:03]} Kf7 {[%emt 0:00:03]} 29. Kd3 {[%emt 0:00:03]} Ke6 {[%emt 0:00:03]} 30. c4 {[%emt 0:00:44]} c6 {[%emt 0:00:03]} 31. d5+ {[%emt 0:00:04]} Kd7 {[%emt 0:00:03]} 32. dxc6+ {[%emt 0:00:06]} Kxc6 {[%emt 0:00:03]} 33. cxb5+ {[%emt 0:00:16]} Kxb5 {[%emt 0:00:03]} 34. b3 {[%emt 0:00:03]} h5 {[%emt 0:00:03]} 35. f3 {[%emt 0:00:08]} a6 {[%emt 0:00:03]} 36. a4+ {[%emt 0:00:03]} Kc5 {[%emt 0:00:04]} 37. b4+ {[%emt 0:00:56]} Kd5 {[%emt 0:00:03]} 38. Kc3 {[%emt 0:00:03]} g6 {[%emt 0:00:15]} 39. Be3 {[%emt 0:00:10]} Be5+ {[%emt 0:00:24]} 40. Kb3 {[%emt 0:00:06]} Bd6 {[%emt 0:00:04]} 41. b5 {[%emt 0:00:07]} axb5 {[%emt 0:00:03]} 42. axb5 {[%emt 0:00:03]} f4 {[%emt 0:00:07]} 43. Bg1 {[%emt 0:00:32]} Be5 {[%emt 0:00:03]} 44. Kb4 {[%emt 0:00:12]} Bd6+ {[%emt 0:00:03]} 45. Ka5 {[%emt 0:00:16]} Kc4 {[%emt 0:00:03]} 46. b6 {[%emt 0:00:03]} Kd3 {[%emt 0:00:03]} 47. b7 {[%emt 0:00:04]} Ke2 {[%emt 0:00:04]} 48. Kb6 {[%emt 0:00:27]} Kf1 {[%emt 0:00:03]} 49. Kc6 {[%emt 0:00:08]} Bb8 {[%emt 0:00:03]} 50. Bb6 {[%emt 0:00:05]} Kxg2 {[%emt 0:00:03]} 51. Bc7 {[%emt 0:00:03]} Ba7 {[%emt 0:00:03]} 52. Kb5 {[%emt 0:00:03]} 1-0

[Event "GCT Saint Louis Blitz 2019"]
[Site "Saint Louis"]
[Date "2019.08.13"]
[Round "4"]
[White "Rapport, Richard"]
[Black "Karjakin, Sergey"]
[Result "1-0"]
[WhiteElo "2747"]
[BlackElo "2750"]
[Annotator "TA"]
[PlyCount "85"]
[EventDate "2019.08.13"]
[EventType "tourn"]
[EventCountry "USA"]
[SourceTitle "playchess.com"]
[Source "ChessBase"]
[SourceQuality "1"]

{[%evp 9,85,-1,4,0,6,9,20,18,39,44,50,39,43,23,34,33,57,29,43,0,43,0,15,1,30,0,46,39,35,22,45,18,41,33,29,24,85,79,67,35,36,0,70,50,94,88,106,-19,97,91,100,86,352,333,358,341,342,330,412,409,408,396,674,581,754,704,737,797,5289,5289,4772,4494,2555,1917,29982,29983,29985,29986]} 1. d4 Nf6 2. Bg5 d5 3. e3 c5 4. c3 Nc6 5. Nd2 cxd4 6. exd4 {D00: 1 d4 d5: Unusual lines} Bf5 7. Ngf3 e6 (7... h6 $5 {[%cal Rh6g5]} 8. Bxf6 exf6 $11) 8. Nh4 {The position is equal.} Bg6 9. Nxg6 hxg6 10. Bd3 Be7 11. g3 $146 ({Predecessor:} 11. Qe2 Nh5 12. Bxe7 Qxe7 {1-0 (37) Laznicka,V (2672)-Areshchenko,A (2677) Chartres 2017}) 11... Nd7 12. Be3 Bg5 13. Qe2 (13. f4 {keeps more tension.} Be7 14. Nf3 Nf6 15. Ne5 Ne4 16. O-O) 13... Bxe3 14. Qxe3 Qa5 15. a4 {[%cal Ba2a4,Ba4a5][%mdl 32]} Qb6 16. b4 Qc7 17. a5 Nf6 18. Kf1 O-O 19. Kg2 Ne7 20. Rac1 Nf5 21. Qe2 Rac8 22. Nf3 Nd6 (22... Qd6 $11 {keeps the balance.}) 23. h4 $16 Qe7 24. Ng5 Nh5 25. Nf3 Rc7 (25... Nf6 $11) 26. Ne5 $14 Rfc8 27. Bxg6 Nf6 28. h5 ({Better is} 28. Bd3 $16) 28... Rxc3 (28... fxg6 $11 {remains equal.} 29. h6 Qe8) 29. Rxc3 $16 Rxc3 30. Bd3 Nc4 $2 {[%mdl 8192]} (30... Rc7 $16) 31. h6 {Hoping for hxg7.} g6 {[#]} 32. h7+ $1 {[%mdl 512]} Nxh7 33. Bxc4 Rxc4 34. Nxc4 dxc4 $18 {[%mdl 4096] Endgame KQR-KQN} 35. d5 Qd6 $2 (35... Nf6 36. dxe6 Qxe6 37. Qxe6 fxe6) 36. dxe6 Qd5+ 37. Qf3 fxe6 38. Rd1 Qb5 39. Rd8+ Kg7 40. Rb8 Kh6 41. Rxb7 {[%mdl 64] [#] Double Attack} Qe8 42. Kg1 g5 43. Qh1+ {Accuracy: White = 56%, Black = 22%.} 1-0

[Event "GCT Saint Louis Blitz 2019"]
[Site "Saint Louis"]
[Date "2019.08.13"]
[Round "5"]
[White "Carlsen, Magnus"]
[Black "Caruana, Fabiano"]
[Result "1/2-1/2"]
[WhiteElo "2882"]
[BlackElo "2818"]
[Annotator "TA"]
[PlyCount "93"]
[EventDate "2019.08.13"]
[EventType "tourn"]
[EventCountry "USA"]
[SourceTitle "playchess.com"]
[Source "ChessBase"]
[SourceQuality "1"]

{[%evp 12,93,29,19,16,9,15,6,18,5,14,11,27,30,28,8,31,27,29,34,46,54,61,58,58,57,38,30,38,38,20,22,77,47,116,70,42,0,37,25,124,174,294,43,33,-59,-63,-91,-86,-158,-155,-141,-148,-173,-153,-184,-1,-14,0,-218,-202,-556,-531,-525,-522,-374,-139,-145,-83,-83,0,0,0,0,0,0,0,0,0,0,0,0,0,0]} 1. e4 e5 2. Nf3 Nc6 3. Bb5 a6 4. Ba4 Nf6 5. d3 d6 6. c3 g6 7. Bg5 Bg7 {C77: Ruy Lopez: 3...a6 4 Ba4 Nf6, unusual lines} 8. Nbd2 h6 9. Bh4 O-O 10. O-O b5 (10... Bd7 11. Re1 Re8 12. Nf1 Ne7 13. Bb3 g5 14. Bg3 Ng6 15. Ne3 c6 16. Qc2 Nh5 17. Rad1 Qf6 18. d4 Rad8 19. dxe5 dxe5 {½-½ (29) Morozevich,A (2656)-Bocharov,I (2565) Kazan 2018}) 11. Bc2 Qe8 12. Re1 Nh5 13. Nf1 Nf4 $146 ({Predecessor:} 13... g5 14. Bg3 Ne7 15. a4 Nxg3 16. hxg3 {1-0 (49) Smyslov,V-Euwe,M Groningen 1946}) 14. Ne3 Bb7 15. a4 Nd8 16. d4 Nde6 17. b4 exd4 18. cxd4 a5 19. d5 Ng5 $1 {[%cal Rg5e4][%mdl 64] Decoy} 20. Nxg5 hxg5 21. Bxg5 Qe5 (21... Bxa1 $11 22. Qxa1 Qe5 23. Qxe5 dxe5) 22. Qg4 Nh5 (22... Ne2+ $1 $14 23. Qxe2 Qxg5) 23. Rab1 (23. axb5 $6 Bc8 $11) 23... Bc8 24. Nf5 bxa4 {White must now prevent ...a3.} 25. Qh4 (25. Bxa4 $2 Nf6 $17) 25... Bxf5 (25... gxf5 $11 26. exf5 (26. Qxh5 f4 $17) 26... Bxf5 27. Rxe5 Bxc2) 26. exf5 $16 Qd4 {[#]} (26... Qc3 $142) 27. Qxd4 $2 (27. Bxa4 Qxh4 28. Bxh4 axb4 $11) (27. Re4 $1 $18 {[%cal Re4d4]} Qxd5 28. g4 gxf5 29. Re7) 27... Bxd4 $14 28. Re4 ({Much weaker is} 28. fxg6 fxg6 29. Rf1 a3 $17) (28. Red1 $1 $14 Bf6 29. Bxf6 Nxf6 30. Bxa4) 28... Bf6 $15 29. Bxf6 Nxf6 30. Rc4 ({White should play} 30. Ree1) 30... axb4 $17 ({And not} 30... Nxd5 31. b5 $11) 31. Rcxb4 Nxd5 32. Rc4 a3 $36 {[%mdl 2048] Black is really pushing.} 33. fxg6 c5 $2 (33... Rfb8 $19 34. Ra1 a2) 34. gxf7+ Kxf7 {Hoping for ...a2.} 35. Bb3 $2 (35. Be4 $11 Nb4 36. Bxa8 Rxa8 37. Kf1) 35... Kf6 36. Rd1 $2 (36. Rcc1 {is tougher.} Nb4 37. Ra1) 36... Rfb8 $19 37. Ba2 Rb2 38. Rxd5 {[#]} Rxa2 $2 (38... Ke7 $1 $19 {and Black stays clearly on top.} 39. Rc1 (39. Re4+ $2 Kd7 $19) 39... Rxa2 40. Re1+ Kd7) 39. Rxd6+ {[%mdl 4096] Endgame KRR-KRR} Ke7 {( -> ...Ra1+)} 40. Rd1 Ra5 (40... Rb2 $17 41. Rc3 Rb4 42. Re3+ Kf6 43. Rf3+ Kg5 44. Rg3+ Kf5 45. Rf3+ Ke5 46. Re3+ Kf6 47. Rf3+ Kg6 48. Rg3+ Kf5 49. Rf3+ Ke6 50. Re3+ Kf7 51. Rf3+ Kg6 52. Rg3+ Kf6 53. Rf3+) 41. h4 $11 {The position is equal.} Rb2 42. Re4+ Kf6 {And now ...a2 would win.} 43. Rd6+ $1 Kf7 44. Rd7+ Kf6 45. Rd6+ Kf7 {Threatens to win with ...a2.} 46. Rd7+ Kf6 {...a2 is the strong threat.} 47. Rd6+ {Accuracy: White = 58%, Black = 40%.} 1/2-1/2

[Event "GCT Saint Louis Blitz 2019"]
[Site "Saint Louis"]
[Date "2019.08.13"]
[Round "5"]
[White "Vachier-Lagrave, Maxime"]
[Black "Ding, Liren"]
[Result "0-1"]
[WhiteElo "2778"]
[BlackElo "2805"]
[Annotator "TA"]
[PlyCount "78"]
[EventDate "2019.08.13"]
[EventType "tourn"]
[EventCountry "USA"]
[SourceTitle "playchess.com"]
[Source "ChessBase"]
[SourceQuality "1"]

{[%evp 12,78,16,14,19,17,21,21,14,8,16,18,15,19,26,19,27,0,25,24,30,10,24,17,53,43,77,73,82,70,75,80,89,39,54,70,69,34,25,33,35,33,128,128,128,128,707,90,94,15,13,16,7,0,2,-8,12,0,0,0,0,0,0,-570,-572,-29980,-29981,-29993,-29994]} 1. e4 e5 2. Nf3 Nc6 3. Bc4 Bc5 4. c3 Nf6 5. d3 d6 6. O-O O-O 7. Re1 a6 {C54: Giuoco Piano: 4 c3 Nf6, main lines with 5 d4 and 5 d3} 8. a4 Ba7 9. h3 h6 {The position is equal.} 10. Nbd2 {[%cal Bb1d2,Bd2f1,Bf1g3,Bg3f5][%mdl 32]} Re8 11. b4 {[%cal Bb2b4,Bb4b5][%mdl 32]} Be6 12. Bxe6 Rxe6 13. Bb2 Qd7 14. Nf1 {[#]} (14. d4 $5 {[%cal Rd4d5]} Ree8 15. b5 axb5 16. axb5 $11) 14... Rae8 $146 ({Predecessor:} 14... Ree8 15. Ng3 {½-½ (40) Giri,A (2772)-Sethuraman,S (2618) Tbilisi 2017}) 15. b5 Ne7 {[%cal Bc6e7,Be7g6,Bg6f4][%mdl 32]} 16. c4 Nh5 17. Nd4 exd4 18. Qxh5 Ng6 19. Ng3 Nf4 20. Qf3 Rf6 {White must now prevent ...Nxh3+!} 21. Nf5 Ne6 22. Qh5 Bc5 23. Rf1 c6 {[%cal Rc6b5]} 24. f4 (24. bxa6 {seems wilder.} bxa6 25. f4 Bb4 26. Qg4 Rg6 27. Qf3) 24... cxb5 25. axb5 axb5 26. cxb5 Qxb5 {[#]} (26... Kh7 $14) 27. Nxd6 $1 $16 {[%mdl 576] Double Attack, Pin} Nxf4 (27... Bxd6 28. Qxb5) 28. Rxf4 ({Don't play} 28. Nxb5 $6 Nxh5 29. Rxf6 (29. Bxd4 Bxd4+ 30. Nxd4 Rxf1+ 31. Rxf1 Rd8 $15) 29... Nxf6 $11) 28... Rxd6 $2 {[%mdl 8192]} (28... Qxb2 $16 29. Rxf6 Qxa1+ 30. Rf1 Qxf1+ 31. Kxf1 Bxd6) 29. Ba3 $2 (29. Qxf7+ $18 {is the precise move to win.} Kh8 30. Ra5 $3 {[%mdl 512]}) 29... Ra6 {[#]} 30. Qxf7+ (30. Raf1 $1 $16 Rxa3 31. Rxf7) 30... Kh7 $11 {Strongly threatening ...Rf8.} 31. Qf5+ ({Wrong is} 31. Rg4 $2 Rg8 $17) 31... Kh8 32. Rff1 b6 $132 {[%mdl 2048] Black puts up resistance} 33. Qh5 Rg8 34. Rf6 {Threatening mate with Rxh6+!} Qd7 $1 {Hoping for ...Rga8.} 35. Rf7 Qe6 (35... Qe8 $5 36. Bb2 $8 Rxa1+ 37. Bxa1 Qa4 $11) 36. Raf1 $1 {aiming for R7f6!} Rxa3 37. R1f6 $2 {[%mdl 8192]} (37. R7f6 $1 $11 {and White has nothing to worry.} Qd7 {[#]} 38. Rxh6+ $1 {[%mdl 512]} gxh6 39. Qxh6+ Qh7 40. Qf6+ Qg7 41. Qh4+ Qh7 42. Qf6+ Qg7 43. Qh4+ Qh7 44. Qf6+) 37... Ra1+ $19 38. Kf2 Qa2+ 39. Kg3 gxf6+ {[%mdl 64] Discovered Attack. Accuracy: White = 51%, Black = 50%.} 0-1

[Event "GCT Saint Louis Blitz 2019"]
[Site "Saint Louis"]
[Date "2019.08.13"]
[Round "5"]
[White "Aronian, Levon"]
[Black "Yu, Yangyi"]
[Result "1/2-1/2"]
[WhiteElo "2765"]
[BlackElo "2718"]
[Annotator "TA"]
[PlyCount "162"]
[EventDate "2019.08.13"]
[EventType "tourn"]
[EventCountry "USA"]
[SourceTitle "playchess.com"]
[Source "ChessBase"]
[SourceQuality "1"]

{[%evp 13,162,10,12,0,0,0,5,-27,-41,-46,-36,-39,-41,-47,-40,-36,0,0,0,0,0,-77,-79,-105,-111,-154,-165,-160,-161,-165,-143,-143,-150,-164,-79,-214,-204,-289,-282,-297,-206,-198,-207,-29998,-184,-179,-127,-129,-145,-433,-433,-433,-69,-61,-65,-124,0,0,0,0,0,0,13,28,92,92,96,95,135,136,137,122,122,122,122,122,122,122,122,42,108,42,42,42,114,114,114,114,114,108,114,108,108,50,108,108,122,122,122,122,122,85,122,122,122,108,122,108,108,108,108,108,108,108,108,108,108,108,108,108,108,108,108,90,90,90,90,90,90,8,8,8,50,50,49,8,8,8,8,8,8,8,8,8,8,8,8,8,8,0,0]} 1. c4 c6 2. Nf3 d5 3. e3 Nf6 4. d4 g6 5. b4 {[%cal Bb2b4,Bb4b5][%mdl 32]} Bg7 6. Bb2 O-O 7. Nbd2 a5 8. b5 {A48: 1 d4 Nf6 2 Nf3 g6: Torre, London and Colle Systems} a4 (8... cxb5 9. cxb5 Bg4 10. Bd3 Nbd7 11. O-O Qb6 12. h3 {½-½ (12) Vallejo Pons,F (2677)-Wen,Y (2609) Moscow 2016}) 9. Rc1 Bf5 10. Be2 $146 ({Predecessor:} 10. Ba3 Nbd7 11. Be2 Re8 12. O-O e5 13. bxc6 bxc6 14. dxe5 Nxe5 15. Nxe5 Rxe5 {½-½ (74) Skomorokhin,V (2383)-Gireman,J (2186) Golden Sands 2013}) 10... dxc4 11. Bxc4 cxb5 12. Bxb5 Qb6 $1 {[%cal Rb6b5]} 13. Qe2 $1 Ra5 $36 {[%mdl 2048] Black is pushing.} 14. Rc5 Nbd7 15. Nc4 $1 {[%csl LRa5,LRb6][%mdl 64] Double Attack} Qd8 16. Rxf5 gxf5 17. Bxd7 (17. Nxa5 $11 Qxa5+ 18. Kf1) 17... Nxd7 $17 18. Nxa5 Qxa5+ 19. Qd2 Qb5 $1 20. Qe2 Qb4+ $1 21. Qd2 Qc4 $1 22. Qc3 Qxa2 23. O-O Nb6 (23... Ra8 $19 {is more deadly. ...a3 is the strong threat.} 24. Ra1 Qd5) 24. Ra1 (24. Qb4 $17 Qb3 25. Qxb3 axb3 26. Nd2) 24... Qc4 $1 $19 25. Qa5 (25. Qd2 {keeps fighting.}) 25... Qb3 26. Qxf5 e6 27. Qb1 {Threatening Nd2.} Nc4 $1 {[%cal Rc4b2]} 28. Bc1 $2 (28. Ng5 $19 f5 29. Nxe6) 28... Qxb1 $2 (28... Qd1+ {mates} 29. Ne1 Qxe1#) 29. Rxb1 Ra8 (29... Rb8 $19 30. Kf1 b5) 30. Rxb7 a3 {[%cal Ba4a3,Ba3a2][%mdl 32]} 31. Rb1 $2 {[%mdl 8192]} (31. Bxa3 $17 {only move.} Rxa3 32. Kf1) 31... a2 32. Ra1 e5 $2 (32... Bf8 $1 $19 {[%cal Rf8b4] Threatens to win with ...Bb4.} 33. Ne5 Nd2 $1 {[%mdl 512]}) 33. Kf1 $15 exd4 34. exd4 {[#]} (34. Nxd4 $15 Nd6 35. Ke2) 34... Nb6 (34... Ra4 $1 $17 35. Ke2 Na5) 35. Ke2 $11 Nd5 36. Bd2 Ra3 37. Kd1 Ra4 38. Kc2 Bxd4 (38... Ra3 $11 {keeps the balance.}) 39. Nxd4 $16 Rxd4 40. Rxa2 $11 {[%mdl 4096] Endgame KRB-KRN} Rc4+ 41. Kd3 Rg4 42. Ra5 Nf4+ 43. Bxf4 $1 Rxf4 $16 {KR-KR} 44. f3 Rb4 45. Rg5+ Kf8 46. Ke3 (46. Rh5 $16) 46... h6 (46... Rb2 $1 $14) 47. Rg4 (47. Rh5 $16) 47... Rb2 $1 $14 48. Kf4 Rb5 (48... h5 $1 $14 49. Rg5 f6 50. Rxh5 Rxg2) 49. Kg3 $16 Ra5 50. Kh4 Rb5 51. Re4 Kg7 52. g3 Rb2 {White must now prevent ...f5.} 53. Kh3 ({Better is} 53. h3 $16) 53... Rf2 {[#]} (53... h5 $1 $14) 54. Rg4+ $1 Kh7 55. Rf4 Kg6 56. g4 Ra2 57. Kg3 Ra1 58. h4 Rg1+ 59. Kf2 Ra1 60. h5+ Kg7 61. Rf5 Ra2+ 62. Kg3 Ra3 63. Re5 Rb3 64. Kf4 Ra3 65. Re3 Ra4+ 66. Kf5 Ra5+ 67. Re5 Ra3 68. f4 Rf3 69. Re2 Rf1 70. Rg2 Rf3 71. g5 (71. Rb2 $16) 71... hxg5 $11 72. Kxg5 Rf1 73. h6+ Kh7 74. f5 Ra1 {The position is equal.} 75. Kf6 {next Re2 is good for White.} Ra6+ $1 76. Kxf7 Ra7+ 77. Kf6 Ra6+ 78. Kg5 Rxh6 79. Re2 {Re7+ would kill now.} (79. Rb2 $5 {[%cal Rb2b7]} Rc6 80. Re2 $11) 79... Ra6 80. Re7+ Kg8 81. f6 {Intending Kg6 and mate.} Ra1 {Accuracy: White = 49%, Black = 57%.} 1/2-1/2

[Event "GCT Saint Louis Blitz 2019"]
[Site "Saint Louis"]
[Date "2019.08.13"]
[Round "5"]
[White "Dominguez Perez, Leinier"]
[Black "Rapport, Richard"]
[Result "1/2-1/2"]
[WhiteElo "2763"]
[BlackElo "2747"]
[Annotator "ChessBase"]
[PlyCount "65"]
[EventDate "2019.08.13"]
[EventType "tourn"]
[EventCountry "USA"]
[SourceTitle "playchess.com"]
[Source "ChessBase"]
[SourceQuality "1"]
[TimeMode "Bronstein"]
[TimeControl "300+3"]

1. e4 {[%emt 0:00:00]} e6 {[%emt 0:00:00]} 2. d4 {[%emt 0:00:00]} d5 {[%emt 0:00:00]} 3. Nc3 {[%emt 0:00:00]} dxe4 {[%emt 0:00:00]} 4. Nxe4 {[%emt 0:00:00]} Bd7 {[%emt 0:00:00]} 5. Nf3 {[%emt 0:00:20]} Bc6 {[%emt 0:00:00]} 6. Bd3 {[%emt 0:00:08]} Nd7 {[%emt 0:00:00]} 7. Neg5 {[%emt 0:00:19]} Ngf6 {[%emt 0:00:26]} 8. O-O {[%emt 0:00:10]} Bd6 {[%emt 0:00:13]} 9. Qe2 {[%emt 0:01:15]} h6 {[%emt 0:00:16]} 10. Ne4 {[%emt 0:00:03]} Nxe4 {[%emt 0:00:05]} 11. Bxe4 {[%emt 0:00:03]} Bxe4 {[%emt 0:00:03]} 12. Qxe4 {[%emt 0:00:03]} c6 {[%emt 0:00:03]} 13. Rd1 {[%emt 0:00:03]} O-O {[%emt 0:00:23]} 14. c4 {[%emt 0:00:03]} Re8 {[%emt 0:00:05]} 15. Qc2 {[%emt 0:00:15]} Qc7 {[%emt 0:00:12]} 16. Be3 {[%emt 0:00:28]} Rad8 {[%emt 0:00:25]} 17. g3 {[%emt 0:00:04]} e5 {[%emt 0:00:09]} 18. dxe5 {[%emt 0:00:10]} Nxe5 {[%emt 0:00:03]} 19. Nxe5 {[%emt 0:00:03]} Bxe5 {[%emt 0:00:03]} 20. Rac1 {[%emt 0:00:19]} Rxd1+ {[%emt 0:00:36]} 21. Rxd1 {[%emt 0:00:03]} Rd8 {[%emt 0:00:03]} 22. b3 {[%emt 0:00:08]} a6 {[%emt 0:00:05]} 23. Rxd8+ {[%emt 0:00:13]} Qxd8 {[%emt 0:00:03]} 24. Qe4 {[%emt 0:00:03]} Bf6 {[%emt 0:00:07]} 25. Kg2 {[%emt 0:00:05]} h5 {[%emt 0:00:03]} 26. h3 {[%emt 0:00:03]} g6 {[%emt 0:00:03]} 27. g4 {[%emt 0:00:04]} hxg4 {[%emt 0:00:03]} 28. hxg4 {[%emt 0:00:03]} Qd7 {[%emt 0:00:14]} 29. g5 {[%emt 0:00:19]} Bc3 {[%emt 0:00:05]} 30. Kg3 {[%emt 0:00:20]} Bb2 {[%emt 0:00:08]} 31. Kg2 {[%emt 0:00:06]} Bc3 {[%emt 0:00:03]} 32. Kg3 {[%emt 0:00:04]} Bb2 {[%emt 0:00:03]} 33. Kg2 {[%emt 0:00:03]} 1/2-1/2

[Event "GCT Saint Louis Blitz 2019"]
[Site "Saint Louis"]
[Date "2019.08.13"]
[Round "5"]
[White "Karjakin, Sergey"]
[Black "Mamedyarov, Shakhriyar"]
[Result "1-0"]
[WhiteElo "2750"]
[BlackElo "2764"]
[Annotator "TA"]
[PlyCount "47"]
[EventDate "2019.08.13"]
[EventType "tourn"]
[EventCountry "USA"]
[SourceTitle "playchess.com"]
[Source "ChessBase"]
[SourceQuality "1"]

{[%evp 17,47,46,58,61,56,47,62,64,85,89,252,250,334,335,335,335,321,293,314,331,358,363,371,359,587,596,531,452,458,458,426,282]} 1. e4 e5 2. Nf3 Nc6 3. Nc3 Nf6 4. d4 Bb4 5. Nxe5 Qe7 6. Qd3 Nxe5 7. dxe5 Qxe5 8. Bd2 O-O 9. O-O-O d6 10. f3 {C47: Scotch Four Knights and Four Knights with 4 g3} (10. f4 Qe6 11. Re1 c6 12. e5 dxe5 13. Rxe5 Qd7 14. Qxd7 Bxd7 15. Bd3 Rfe8 16. Ree1 Rxe1+ 17. Rxe1 Re8 18. Rxe8+ Bxe8 19. Ne4 Bxd2+ 20. Kxd2 Nxe4+ {½-½ (20) Stangl,M (2432)-Benjamin,J (2523) Rhodes 2019}) 10... Re8 11. Kb1 $146 ({Predecessor:} 11. g4 c6 12. h4 Qe7 13. Kb1 Nd7 14. h5 Ne5 15. Qe2 b5 16. g5 a5 17. Qg2 Bc5 {0-1 (48) Aquilina,J (1577)-Ustimenko,A (1627) LSS email 2012}) 11... Be6 12. a3 {White is slightly better.} a5 13. g4 d5 $2 (13... Qc5 $16 {was necessary.}) 14. f4 $18 Qd6 15. e5 (15. axb4 axb4 16. e5 Qc5 $14) 15... Qc6 16. exf6 (16. axb4 d4 $16) 16... d4 17. Ne4 (17. Qxd4 Qxh1 18. Bd3 (18. axb4 Red8 $16) (18. fxg7 $2 Rad8 $19) 18... Qxh2 $16) 17... Bxd2 {[#]} 18. Ng5 $3 {[%mdl 512]} g6 {[#]} 19. Qh3 $1 {[%mdl 512]} h5 20. Bg2 Ba2+ $2 (20... Qb6 21. Rxd2 Bxg4) 21. Kxa2 {White is clearly winning.} Qc4+ 22. Qb3 Qxb3+ 23. cxb3 ({Less strong is} 23. Kxb3 Bxf4 24. Nh3 (24. Rxd4 Bxg5 25. gxh5 Bxf6 $11) 24... Be3 $18) 23... Bxf4 24. Nh3 {Accuracy: White = 97%, Black = 35%.} 1-0